000 00325nam a2200121Ia 4500
008 220204s9999 xx 000 0 und d
082 _a54:65
_bMAD
100 _aMadan Lal
245 0 _aSmall scale chemical industries: 200 profitable chemical industries
260 _aDelhi
_bSIRI
650 _aRubber chemicals
942 _cBK
999 _c24924
_d24924